| 000 | 01699cam a22003255i 4500 | ||
|---|---|---|---|
| 001 | 16612763 | ||
| 003 | EG-ScBUE | ||
| 005 | 20250720110421.0 | ||
| 008 | 110115t2011 enka f b 001 0 eng | ||
| 020 | _a9780199541423 | ||
| 040 |
_aEG-ScBUE _beng _erda _cEG-ScBUE _dEG-ScBUE |
||
| 082 | 0 | 4 |
_a541.28 _bATK _222 |
| 100 | 1 |
_aAtkins, P. W. _q(Peter William), _d1940- _937442 _eauthor. |
|
| 245 | 1 | 0 |
_aMolecular quantum mechanics / _cPeter Atkins, University of Oxford, and Ronald Friedman, Indiana Purdue Fort Wayne. |
| 250 | _aFifth edition. | ||
| 264 | 1 |
_aOxford : _bOxford University Press, _c[2011] |
|
| 264 | 4 | _cc2011 | |
| 300 |
_axiv, 537 pages : _billustrations ; _c25 cm |
||
| 336 |
_2rdacontent _atext _btxt |
||
| 337 |
_aunmediated _2rdamedia _bn |
||
| 338 |
_avolume _bnc _2rdacarrier |
||
| 504 | _aIncludes bibliographical references and index. | ||
| 505 | 0 | _aHistorical introduction -- The Schrödinger equation -- Exact solutions : linear motion -- Exact solutions : rotational motion -- The properties of operators -- Angular momentum -- Group theory -- Techniques of approximation -- Atomic spectra and atomic structure -- Molecular structure -- Molecular rotational and vibrational transitions -- Molecular electronic transitions -- The electric properties of molecules -- The magnetic properties of molecules. | |
| 520 | _aThoroughly rewritten from start to finish, the second edition of this text provides a complete, highly accessible introduction to quantum chemistry. | ||
| 650 | 7 |
_aQuantum chemistry. _2BUEsh _97434 |
|
| 653 |
_bENGMEC _cDecember2018 |
||
| 655 | _vReading book | ||
| 700 | 1 |
_aFriedman, Ronald, _d1962- _911379 _eauthor. |
|
| 942 |
_2ddc _cBB |
||
| 999 |
_c27032 _d27004 |
||